01015nam a2200289 i 4500001000300000100002200003245008900025250001200114260004600126300004400172490004800216504002400264650002300288655003000311700001900341830004800360020001500408040000800423041000800431080004200439920001800481942000700499008004100506999001700547856009800564952006300662bg1 aSMITH, William F.10aFoundations of materials science and engineering /cWilliam F. Smith, Javad Hashemi. a4th ed. aBoston [etc.] :bMcGraw-Hill,ccop. 2006. aXXV, 1032 s. :bil. ;c24 cm +eCD ROM.1 aMcGraw-Hill Series in Materials Engineering aBibliogr. - Indeks. 9aMateriałoznawstwo aPodręczniki akademickie1 aHASHEMI, Javad aMcGraw-Hill Series in Materials Engineering a0071117881 cBPK0 aeng a620.1/.2:669.017/.018:678:666](075.8) a0-07-111788-1 cKS s pl f |000 0 pol  c53342d53342 uhttp://koha.tu.koszalin.pl/cgi-bin/koha/opac-detail.pl?biblionumber=53342yKatalog online BPK 00104071aBPKbBPKcco83279p02366500t620.1/.3 M.NyKS